Famous Guitarists - Statistics

General Stats
  • This quiz has been taken 718 times
    304 since last reset
  • The average score is 24 of 53
Answer Stats
Band Guitarist % Correct
Van Halen Eddie Van Halen
94%
Queen Brian May
90%
Led Zeppelin Jimmy Page
89%
The Beatles George Harrison, John Lennon
86%
Nirvana Kurt Cobain
84%
Guns N' Roses Slash, Izzy Stradlin
83%
AC/DC Angus Young
81%
The Rolling Stones Keith Richards, Ronnie Wood
77%
Cream Eric Clapton
76%
Pink Floyd David Gilmour, Syd Barrett
72%
Metallica James Hetfield, Kirk Hammett, Dave Mustaine
69%
Santana Carlos Santana
67%
Black Sabbath Tony Iommi
67%
U2 The Edge
66%
The White Stripes Jack White
65%
The Who Pete Townshend
59%
Rage Against The Machine Tom Morello
58%
The Allman Brothers Band Duane Allman, Dickey Betts, Derek Trucks
57%
Dire Straits Mark Knopfler
57%
The Ramones Johnny Ramone
56%
Simon and Garfunkel Paul Simon
55%
Ozzy Osbourne Zakk Wylde, Randy Rhoads
52%
The Yardbirds Eric Clapton, Jimmy Page, Jeff Beck
51%
Megadeth Marty Friedman, Dave Mustaine, Kiko Loureiro
51%
Fleetwood Mac Lindsey Buckingham, Peter Green, Bob Welsh, Neil Finn, Mike Campbell, Danny Kirwan, Jeremy Spencer
45%
Aerosmith Joe Perry, Brad Whitford
44%
Red Hot Chilli Peppers John Frusciante, Hillel Slovak, Dave Navarro, Josh Klinghoffer
44%
Pantera Dimebag Darrell
42%
Deep Purple Ritchie Blackmore
42%
ZZ Top Billy Gibbons
40%
Radiohead Johny Greenwood, Ed O'Brien, Thom Yorke
39%
Grateful Dead Jerry Garcia
36%
Eagles Joe Walsh, Don Felder, Glenn Frey, Bernie Leadon
36%
Mötley Cruë Mick Mars
35%
The Velvet Underground Lou Reed, Sterling Morrison
31%
Rush Alex Lifeson
29%
The Clash Mick Jones, Joe Strummer
29%
Bee Gees Barry Gibb, Maurice Gibb
28%
The Police Andy Summers
24%
The Beach Boys Carl Wilson, Al Jardine
24%
The Kinks Dave Davies
24%
The Smiths Johnny Marr
19%
The Doors Robby Krieger
18%
R.E.M. Peter Buck
16%
Iron Maiden Dave Murray, Adrian Smith, Janick Gers
14%
King Crimson Robert Fripp
12%
Lynyrd Skynyrd Gary Rossington, Rickey Medlocke, Mark Matejka
10%
The Byrds Roger McGuinn, David Crosby
9%
The Sex Pistols Steve Jones
9%
Sonic Youth Lee Ranaldo, Thurston Moore, Kim Gordon
8%
Booker T. and the M.G.'s Steve Cropper
7%
Blue Öyster Cult Buck Dharma, Eric Bloom, Richie Castellano
6%
Television Richard Lloyd, Jimmy Rip, Tom Verlaine
6%
No matching quizzes found
Score Distribution
Percent of People with Each Score
Percentile by Number Answered
Your Score History
You have not taken this quiz since the last reset